000 00423ntaaa2200181 4500
003 01
005 20251027202348.0
008 0714s1973 ag 01
040 _aAR-BaBN
_bspa
_cAR-BaBN
_eaacr
_dRIC
082 _a282.0000 B78
100 _aBrock, Mourant
_922287
245 _aRome
250 _a1 ed.
260 _aLondon :
_bHodder and Stoughton,
_cc1883
300 _a270 p
650 _acatolicismo
_9316
942 _cBK
999 _c18491
_d18491